000 00592nam a2200217Ia 4500
003 OSt
005 20220923230109.0
006 a|||||r|||| 00| 0
007 ta
008 220922b |||||||| |||| 00| 0 hin d
024 _a277,298
037 _cTextual
040 _aARTS
_cARTS
_bhin
041 _2hin
_ahin
082 _aO153,3N211:g, L7
245 0 _aਉਪਨਿਅਸਕਾਰ ਹਰਨਾਮ ਦਾਸ ਸਹਿਰਾਈ
260 _c1977
650 _aਪੰਜਾਬੀ ਸਾਹਿਤ
942 _hO153,3N211:g, L7
_cTEXL
_2CC
999 _c382415
_d382415